| 000 | 00956nam a2200265 i 4500 | ||
|---|---|---|---|
| 001 | bg | ||
| 100 | 1 | _aGROCHULSKI, Jerzy | |
| 245 | 1 | 0 |
_aElementy logiki matematycznej w przykładach i zadaniach / _cJerzy Grochulski, Michał Matałycki ; Politechnika Częstochowska. Wydział Inżynierii Mechanicznej i Informatyki. |
| 260 |
_aCzęstochowa : _bWydaw. PC, _c2003. |
||
| 300 |
_a87 s. : _bil. ; _c24 cm. |
||
| 490 | 1 |
_aSkrypty Politechniki Częstochowskiej, _x1234-9909 ; _v43 |
|
| 504 | _aBibliogr. | ||
| 650 | 9 | _aLogika matematyczna | |
| 655 | _aPodręczniki akademickie | ||
| 700 | 1 | _aMATAŁYCKI, Michał | |
| 710 | 0 |
_aPolitechnika Częstochowska _bWydział Inżynierii Mechanicznej i Informatyki |
|
| 830 |
_aSkrypty Politechniki Częstochowskiej, _x1234-9909 ; |
||
| 020 | _a8371932138 | ||
| 040 | _cBPK | ||
| 041 | 0 | _apol | |
| 080 | _a510.6(075.8) | ||
| 920 | _a83-7193-213-8 | ||
| 942 | _cKS | ||
| 008 | s pl f |000 0 pol | ||
| 999 |
_c43974 _d43974 |
||
| 856 |
_uhttp://koha.tu.koszalin.pl/cgi-bin/koha/opac-detail.pl?biblionumber=43974 _yKatalog online BPK |
||